La Constitución económica chilena: bases para el cambio
Gardado en:
| Autor Principal: | |
|---|---|
| Formato: | Unknown |
| Idioma: | inglés |
| Publicado: |
Santiago, Chile:
Der,
2020
|
| Edición: | Segunda edición |
| Series: | Ensayos Jurídicos
|
| Subjects: | |
| Tags: |
Engadir etiqueta
Sen Etiquetas, Sexa o primeiro en etiquetar este rexistro!
|
MARC
| LEADER | 00000 a2200000 4500 | ||
|---|---|---|---|
| 003 | CL-VaPUC | ||
| 005 | 20250430102006.0 | ||
| 008 | 200403b ||||| |||| 00| 0 eng d | ||
| 999 | |c 423197 |d 423195 | ||
| 020 | |a 9789569959653 | ||
| 040 | |c Pontificia Universidad Católica de Valparaíso | ||
| 082 | 0 | 4 | |2 21 |a 342.83 GUE 2020 |
| 100 | 1 | |a Guerrero Becar, José Luis |e autor |9 814269 | |
| 245 | 1 | 3 | |a La Constitución económica chilena: bases para el cambio |
| 250 | |a Segunda edición | ||
| 260 | 3 | |a Santiago, Chile: |b Der, |c 2020 | |
| 300 | |a 601 páginas | ||
| 490 | 0 | |a Ensayos Jurídicos | |
| 583 | |k Hugo Gaete |c 20200403 | ||
| 650 | 1 | 0 | |a Derecho constitucional chileno |9 478271 |
| 650 | 1 | 0 | |a Derecho económico |9 259197 |
| 650 | 1 | 0 | |a Política económica |z Chile |9 864957 |
| 942 | |2 ddc |c BK |n 1 | ||
| 952 | |0 0 |1 0 |2 ddc |4 0 |6 342_830000000000000_GUE_2020 |7 0 |9 562212 |a BIBDER |b BIBDER |d 2020-04-01 |e 22 |g 45499.70 |i 5575273 |l 26 |m 1 |o 342.83 GUE 2020 |p 5575273 |r 2025-04-29 |s 2025-04-29 |t 3 |v 45499.70 |w 2020-04-01 |y BK |k DER | ||
| 952 | |0 0 |1 0 |2 ddc |4 0 |6 342_830000000000000_GUE_2020 |7 0 |9 562213 |a BIBDER |b BIBDER |d 2020-04-01 |e 22 |g 45499.70 |i 557529K |l 7 |m 1 |o 342.83 GUE 2020 |p 557529K |r 2025-05-09 |s 2025-04-28 |t 5 |v 45499.70 |w 2020-04-01 |y BK |k DER | ||
| 952 | |0 0 |1 0 |2 ddc |4 0 |6 342_830000000000000_GUE_2020 |7 0 |9 562214 |a BIBDER |b BIBDER |d 2020-04-01 |e 22 |g 45499.70 |i 5575281 |l 19 |m 13 |o 342.83 GUE 2020 |p 5575281 |q 2025-12-31 |r 2025-04-17 |s 2025-04-17 |t 4 |v 45499.70 |w 2020-04-01 |y BK |k DER | ||
| 952 | |0 0 |1 0 |2 ddc |4 0 |6 342_830000000000000_GUE_2020 |7 0 |9 562215 |a BIBDER |b BIBDER |d 2020-04-01 |e 22 |g 45499.70 |i 5575257 |l 15 |m 2 |o 342.83 GUE 2020 |p 5575257 |r 2024-12-13 |s 2024-12-13 |t 1 |v 45499.70 |w 2020-04-01 |y BK |k DER | ||
| 952 | |0 0 |1 0 |2 ddc |4 0 |6 342_830000000000000_GUE_2020 |7 0 |9 562216 |a BIBDER |b BIBDER |d 2020-04-01 |e 22 |g 45499.70 |i 5575266 |l 6 |m 2 |o 342.83 GUE 2020 |p 5575265 |q 2025-12-31 |r 2024-04-01 |s 2024-04-01 |t 2 |v 45499.70 |w 2020-04-01 |y BK |k DER | ||